[Event "MCR senioru 2014 - nad 70 let"]
[Site "Rychnov nad Kneznou"]
[Date "2014.08.21"]
[Round "5.6"]
[White "Neubauer, Vilem"]
[Black "Reichmann, Pavel"]
[Result "1-0"]
[WhiteElo "1829"]
[BlackElo "1820"]
[PlyCount "115"]
[EventDate "2014.??.??"]

1. f4 Nf6 2. Nf3 d5 3. g3 g6 4. Bg2 Bg7 5. O-O O-O 6. d3 Nc6 7. Qe1 a5 8. e4
dxe4 9. dxe4 Nd4 10. Nxd4 Qxd4+ 11. Kh1 c6 12. c3 Qb6 13. h3 e6 14. Rf2 Rd8 15.
Be3 Qc7 16. c4 c5 17. e5 Ne8 18. Nc3 Bd7 19. Ne4 Rab8 20. Nxc5 Bc6 21. Kh2 Bxg2
22. Rxg2 Qc6 23. b3 b6 24. Na4 Bf8 25. Qf2 b5 26. cxb5 Rxb5 27. Rc1 Qb7 28. g4
Bb4 29. Nc3 Bxc3 30. Rxc3 Nc7 31. Qh4 Re8 32. Bc1 Nd5 33. Rf3 Qc7 34. Bb2 Rc5
35. f5 exf5 36. gxf5 Rc2 37. Rxc2 Qxc2+ 38. Rf2 Qc7 39. Qe4 Nc3 40. Bxc3 Qxc3
41. Re2 Qc7 42. h4 Kh8 43. f6 h5 44. a3 Kh7 45. b4 axb4 46. axb4 Re6 47. Kg2
Rb6 48. Rc2 Qb8 49. Rc4 Re6 50. Rc5 Rb6 51. Qc4 Re6 52. Rc7 Qe8 53. b5 Qa8+ 54.
Kh2 Qe8 55. b6 Rxe5 56. Rxf7+ Kh6 57. Rh7+ Kxh7 58. Qc7+ 1-0

[Event "MCR senioru 2014 - nad 70 let"]
[Site "Rychnov nad Kneznou"]
[Date "2014.08.21"]
[Round "5.7"]
[White "Glembek, Bohumir"]
[Black "Bohuslav, Jan"]
[Result "1/2-1/2"]
[WhiteElo "1779"]
[BlackElo "1964"]
[PlyCount "37"]
[EventDate "2014.??.??"]

1. d4 Nf6 2. c4 g6 3. Nc3 d5 4. cxd5 Nxd5 5. e4 Nxc3 6. bxc3 Bg7 7. Bc4 c5 8.
Ne2 O-O 9. Be3 cxd4 10. cxd4 Nc6 11. O-O Na5 12. Bd3 Bd7 13. Rc1 b5 14. d5 a6
15. Nd4 Rc8 16. Rxc8 Qxc8 17. Nb3 Nxb3 18. Qxb3 Qc3 19. Rc1 1/2-1/2

[Event "MCR senioru 2014 - nad 70 let"]
[Site "Rychnov nad Kneznou"]
[Date "2014.08.21"]
[Round "5.8"]
[White "Pavlu, Jiri"]
[Black "Kosek, Lubomir"]
[Result "1/2-1/2"]
[WhiteElo "1870"]
[BlackElo "1762"]
[PlyCount "53"]
[EventDate "2014.??.??"]

1. d4 Nf6 2. c4 g6 3. Nc3 Bg7 4. Nf3 d6 5. Bg5 O-O 6. e3 Nbd7 7. Be2 e5 8. O-O
c6 9. Rc1 h6 10. Bh4 g5 11. Bg3 Nh5 12. Qc2 Nxg3 13. hxg3 f5 14. dxe5 dxe5 15.
Rcd1 Qe7 16. Qd2 Qe6 17. Qd6 Nb6 18. c5 Nc4 19. Bxc4 Qxc4 20. Nxe5 Qb4 21. Nd3
Qa5 22. Ne5 Qb4 23. Ng6 Rf6 24. Qd8+ Kh7 25. Ne7 Rf8 26. Qd6 Rf6 27. Qd8
1/2-1/2

[Event "MCR senioru 2014 - nad 70 let"]
[Site "Rychnov nad Kneznou"]
[Date "2014.08.21"]
[Round "5.9"]
[White "Svatos, Zdenek"]
[Black "Zikmund, Jaroslav"]
[Result "1/2-1/2"]
[WhiteElo "1736"]
[BlackElo "1852"]
[PlyCount "51"]
[EventDate "2014.??.??"]

1. Nf3 Nf6 2. b3 g6 3. Bb2 Bg7 4. d4 d5 5. Nbd2 O-O 6. c4 c6 7. e3 Bf5 8. cxd5
cxd5 9. Nh4 Bd7 10. Bd3 Nc6 11. a3 Rc8 12. O-O a6 13. Nhf3 Na7 14. Ne5 Bb5 15.
Qe2 Qd6 16. a4 Bxd3 17. Qxd3 Nd7 18. Nef3 Nc6 19. Ba3 Nb4 20. Bxb4 Qxb4 21.
Rfc1 Rfd8 22. Rab1 e5 23. dxe5 Nxe5 24. Nxe5 Rxc1+ 25. Rxc1 Bxe5 26. Nf3
1/2-1/2

[Event "MCR senioru 2014 - nad 70 let"]
[Site "Rychnov nad Kneznou"]
[Date "2014.08.21"]
[Round "5.10"]
[White "Folta, Jaroslav"]
[Black "Walter, Jaroslav"]
[Result "0-1"]
[WhiteElo "1847"]
[BlackElo "1742"]
[PlyCount "78"]
[EventDate "2014.??.??"]

1. d4 d5 2. Bf4 Nf6 3. e3 e6 4. h3 c5 5. c3 Nc6 6. Nf3 Bd6 7. Bxd6 Qxd6 8. Nbd2
e5 9. dxe5 Nxe5 10. Nxe5 Qxe5 11. Nf3 Qh5 12. Be2 Qg6 13. g3 O-O 14. Ne5 Qe4
15. Nf3 Qe7 16. Qc2 h6 17. g4 Ne4 18. Bd3 f5 19. Bxe4 fxe4 20. Ng1 Qh4 21.
O-O-O Rxf2 22. Ne2 Qg5 23. Qd2 Be6 24. Rdf1 Raf8 25. Rxf2 Rxf2 26. Kd1 Rf3 27.
Nf4 Bf7 28. Re1 Qe5 29. Qg2 g5 30. Nd3 Qf6 31. Nxc5 Rf2 32. Nd7 Rxg2 33. Nxf6+
Kg7 34. Nd7 Rxb2 35. Re2 Rb1+ 36. Kd2 Rh1 37. Rf2 Rxh3 38. Ne5 Be6 39. Rg2 Kf6
0-1

[Event "MCR senioru 2014 - nad 70 let"]
[Site "Rychnov nad Kneznou"]
[Date "2014.08.21"]
[Round "5.11"]
[White "Matoulek, Jaroslav"]
[Black "Kudera, Jiri"]
[Result "1/2-1/2"]
[WhiteElo "1730"]
[BlackElo "1843"]
[PlyCount "142"]
[EventDate "2014.??.??"]

1. e4 e5 2. Nf3 d6 3. Be2 f5 4. exf5 Bxf5 5. d3 Nf6 6. h3 Be7 7. Bg5 Nbd7 8. c4
O-O 9. Nc3 c6 10. O-O Qe8 11. Nh4 Be6 12. f4 exf4 13. Rxf4 d5 14. d4 Bd6 15.
Rf1 dxc4 16. Bxf6 Nxf6 17. Qc2 Qd7 18. Nf3 Bf5 19. Bxc4+ Kh8 20. Bd3 Bxd3 21.
Qxd3 c5 22. Rad1 Rad8 23. Kh1 Bb8 24. Qc2 c4 25. Ne4 Qf5 26. Nfd2 Qg6 27. Qb1
Rxd4 28. Nxf6 gxf6 29. Qxg6 hxg6 30. Nf3 Rd3 31. Rxd3 cxd3 32. Rd1 Rd8 33. Kg1
Bg3 34. Nd2 Re8 35. Nf1 Re1 36. Rxd3 Be5 37. Kf2 Rb1 38. Rb3 Rxb2+ 39. Rxb2
Bxb2 40. Nd2 b5 41. Ke3 Bc1 42. g3 Kg7 43. Kd3 Bxd2 44. Kxd2 f5 45. Kc3 g5 46.
Kd4 Kf6 47. a3 f4 48. gxf4 gxf4 49. Ke4 Kg5 50. h4+ Kg4 51. h5 f3 52. h6 f2 53.
h7 f1=Q 54. h8=Q Qc4+ 55. Qd4 Qc2+ 56. Kd5+ Kf3 57. Qf6+ Ke2 58. Qe7+ Kd2 59.
Qb4+ Qc3 60. Qxb5 Qxa3 61. Qc5 Qf3+ 62. Kd6 Qf6+ 63. Kd5 Qd8+ 64. Qd6 Qa8+ 65.
Kc4+ Kc2 66. Qd3+ Kc1 67. Qf1+ Kb2 68. Qe2+ Kc1 69. Qe1+ Kb2 70. Qd2+ Kb1 71.
Qd1+ Kb2 1/2-1/2

[Event "MCR senioru 2014 - nad 70 let"]
[Site "Rychnov nad Kneznou"]
[Date "2014.08.21"]
[Round "5.12"]
[White "Slovak, Martin"]
[Black "Blazek, Jaroslav"]
[Result "0-1"]
[WhiteElo "1733"]
[BlackElo "1701"]
[PlyCount "74"]
[EventDate "2014.??.??"]

1. d4 d5 2. c4 c6 3. Nc3 Nf6 4. Nf3 e6 5. e3 Bd6 6. c5 Bc7 7. b4 O-O 8. Bd3
Nbd7 9. O-O e5 10. dxe5 Nxe5 11. Nxe5 Bxe5 12. Bd2 Ne4 13. Rc1 f5 14. f4 Bf6
15. Nxe4 fxe4 16. Bb1 Re8 17. Bc3 Be6 18. Bd4 Bxd4 19. Qxd4 Qf6 20. Qxf6 gxf6
21. f5 Bd7 22. Rf4 Kh8 23. Rcf1 Rg8 24. Bc2 a5 25. a4 axb4 26. Rb1 Bc8 27. Rxb4
Ra5 28. Bb3 Rxc5 29. Rbxe4 dxe4 30. Bxg8 Kxg8 31. Rxe4 Bxf5 32. Re8+ Kf7 33.
Rb8 Rc1+ 34. Kf2 Rb1 35. a5 Bd3 36. Rd8 Ba6 37. Rd7+ Kg6 0-1

[Event "MCR senioru 2014 - nad 70 let"]
[Site "Rychnov nad Kneznou"]
[Date "2014.08.21"]
[Round "5.13"]
[White "Abraham, Karel"]
[Black "Sladek, Jaroslav"]
[Result "0-1"]
[WhiteElo "1804"]
[BlackElo "1558"]
[PlyCount "106"]
[EventDate "2014.??.??"]

1. e4 e6 2. d4 d5 3. e5 c5 4. c3 Qb6 5. Nf3 Nc6 6. a3 Bd7 7. b4 cxd4 8. cxd4
Nge7 9. Nc3 Nf5 10. Na4 Qc7 11. Be3 a6 12. Bd3 b5 13. Nc5 Bxc5 14. bxc5 O-O 15.
O-O Na5 16. Nd2 Nc4 17. Nxc4 bxc4 18. Bxf5 exf5 19. Rb1 Rfb8 20. Qf3 Be6 21. h3
Rb5 22. Qg3 Rab8 23. Bh6 g6 24. Rxb5 axb5 25. Qh4 Qd8 26. Bg5 Qe8 27. Be7 Rb7
28. Bf6 h5 29. Qg5 Kh7 30. f3 Qf8 31. Qh4 b4 32. axb4 Rxb4 33. g4 c3 34. gxh5
Qh6 35. Bg5 Qxh5 36. Qxh5+ gxh5 37. Rc1 Rc4 38. Be3 f4 39. Bxf4 Bxh3 40. Be3
Bf5 41. Kf2 c2 42. Rh1 Bg6 43. f4 Be4 44. Rxh5+ Kg7 45. Rg5+ Kh8 46. Rg1 Rb4
47. Rc1 Rb1 48. Ke2 Rb3 49. Kf2 Kh7 50. Rg1 Rb2 51. Rc1 Rb1 52. Ke2 Kg6 53.
Rg1+ Rxg1 0-1

[Event "MCR senioru 2014 - nad 70 let"]
[Site "Rychnov nad Kneznou"]
[Date "2014.08.21"]
[Round "5.14"]
[White "Jedlicka, Eduard"]
[Black "Strakos, Tomas"]
[Result "0-1"]
[WhiteElo "1688"]
[BlackElo "1780"]
[PlyCount "82"]
[EventDate "2014.??.??"]

1. d4 Nf6 2. c4 g6 3. Nc3 Bg7 4. e4 d6 5. h3 O-O 6. Nf3 e5 7. dxe5 dxe5 8. Be3
Qe7 9. Qc2 c6 10. Be2 Nbd7 11. O-O Nh5 12. Rad1 Nf4 13. Rfe1 b6 14. Bf1 Bb7 15.
Ne2 Ne6 16. b3 c5 17. Nh2 Nd4 18. Qb1 Nf6 19. Nc3 Nh5 20. Nd5 Qd6 21. Qc1 f5
22. Bh6 f4 23. Bxg7 Kxg7 24. Be2 Nf6 25. Bf3 Rf7 26. g3 Nxd5 27. Rxd4 cxd4 28.
exd5 fxg3 29. fxg3 Raf8 30. Kg2 Bc8 31. Qd1 Re8 32. Re4 Qf6 33. Qe2 Bf5 34.
Rxd4 e4 35. Qd1 exf3+ 36. Nxf3 Bxh3+ 37. Kxh3 Qxf3 38. d6 Qxd1 39. Rxd1 Rd7 40.
b4 Rc8 41. Rd4 Kf7 0-1

[Event "MCR senioru 2014 - nad 70 let"]
[Site "Rychnov nad Kneznou"]
[Date "2014.08.21"]
[Round "5.15"]
[White "Ruzickova, Helena"]
[Black "Kebort, Frantisek"]
[Result "1-0"]
[WhiteElo "1615"]
[BlackElo "1447"]
[PlyCount "55"]
[EventDate "2014.??.??"]

1. e4 e5 2. d4 d6 3. dxe5 Be6 4. Nf3 a6 5. exd6 Bxd6 6. Nc3 Nc6 7. Bd3 Ne5 8.
Nxe5 Bxe5 9. Bd2 Ne7 10. f4 Bd4 11. Qf3 g6 12. a3 Qd7 13. h3 f5 14. O-O-O Nc6
15. exf5 gxf5 16. Qh5+ Bf7 17. Rde1+ Ne7 18. Qxf5 Be6 19. Rxe6 Bxc3 20. Bxc3
Rf8 21. Qe4 O-O-O 22. Rxe7 Qd6 23. g3 Qg6 24. Qxg6 hxg6 25. Bxg6 Rg8 26. Bf5+
Kb8 27. g4 Rd6 28. Be5 1-0

[Event "MCR senioru 2014 - nad 70 let"]
[Site "Rychnov nad Kneznou"]
[Date "2014.08.21"]
[Round "5.16"]
[White "Houska, Frantisek"]
[Black "Horak, Jaroslav"]
[Result "0-1"]
[WhiteElo "1314"]
[BlackElo "1576"]
[PlyCount "52"]
[EventDate "2014.??.??"]

1. c4 c5 2. e4 Nc6 3. Nc3 d6 4. d3 e6 5. Nf3 a6 6. a3 g6 7. g3 Bg7 8. Bd2 Rb8
9. Bg2 b5 10. b3 b4 11. axb4 cxb4 12. Rxa6 Bxa6 13. Na2 Nge7 14. O-O Qa5 15.
Qc2 O-O 16. Be3 Bb7 17. Rd1 Ra8 18. Nc1 Qa3 19. d4 f5 20. d5 exd5 21. exd5 Na5
22. Bd4 Rfc8 23. Bxg7 Kxg7 24. Rd4 Nxd5 25. h4 Nc3 26. h5 Qxc1+ 0-1

[Event "MCR senioru 2014 - nad 70 let"]
[Site "Rychnov nad Kneznou"]
[Date "2014.08.21"]
[Round "5.17"]
[White "Kuril, Rudolf"]
[Black "Lapacek, Lubos"]
[Result "1-0"]
[WhiteElo "1540"]
[BlackElo "1621"]
[PlyCount "57"]
[EventDate "2014.??.??"]

1. d4 d5 2. c4 Nf6 3. Nc3 c6 4. Nf3 Bf5 5. e3 e6 6. a3 Be7 7. Bd3 Be4 8. O-O
O-O 9. Ne5 b5 10. cxb5 Qc7 11. bxc6 a6 12. f3 Bg6 13. Bxg6 fxg6 14. Bd2 Nxc6
15. Nxc6 Qxc6 16. Rc1 Qb7 17. Na4 Qb8 18. Nc5 Bxc5 19. Rxc5 Qxb2 20. Bb4 Rfe8
21. Rf2 Qxf2+ 22. Kxf2 Nd7 23. Rc7 Nf6 24. Qa4 e5 25. dxe5 Rxe5 26. Bc3 Rf5 27.
Bxf6 Rxf6 28. Qd7 Rf7 29. Qxf7+ 1-0

[Event "MCR senioru 2014 - nad 50 let"]
[Site "Rychnov nad Kneznou"]
[Date "2014.08.21"]
[Round "6.1"]
[White "Shilov, Sergej"]
[Black "Masek, Jan"]
[Result "1/2-1/2"]
[WhiteElo "2141"]
[BlackElo "1930"]
[PlyCount "84"]
[EventDate "2014.??.??"]

1. e4 e5 2. Nc3 Nf6 3. Bc4 Bb4 4. d3 Nc6 5. Nge2 O-O 6. a3 Bxc3+ 7. Nxc3 d6 8.
Bg5 h6 9. Bh4 Nd4 10. Nd5 g5 11. Nxf6+ Qxf6 12. Bg3 Kg7 13. h4 Be6 14. c3 Nc6
15. Bxe6 Qxe6 16. hxg5 hxg5 17. Qh5 Qg6 18. Qg4 f5 19. exf5 Qxf5 20. Qc4 Rh8
21. O-O-O Rxh1 22. Rxh1 Rh8 23. Rxh8 Kxh8 24. Qb5 Qc8 25. d4 a6 26. Qd5 Qg8 27.
Qxg8+ Kxg8 28. dxe5 Nxe5 29. Bxe5 dxe5 30. Kd2 Kf7 31. Ke3 Ke6 32. Ke4 b5 33.
b3 c6 34. f3 Kf6 35. a4 Ke6 36. axb5 axb5 37. g3 Kf6 38. Kd3 Kf5 39. b4 Ke6 40.
Ke4 Kf6 41. Kd3 Kf5 42. Ke3 Ke6 1/2-1/2

[Event "MCR senioru 2014 - nad 50 let"]
[Site "Rychnov nad Kneznou"]
[Date "2014.08.21"]
[Round "6.2"]
[White "Zmeskal, Stanislav"]
[Black "Urban, Zdenek"]
[Result "0-1"]
[WhiteElo "1691"]
[BlackElo "2152"]
[PlyCount "48"]
[EventDate "2014.??.??"]

1. e4 d6 2. d4 Nf6 3. Bd3 e5 4. c3 Be7 5. Ne2 c6 6. O-O O-O 7. f4 Nbd7 8. Kh1
b5 9. Be3 Nb6 10. Nd2 Qc7 11. Ng3 a6 12. Qc2 c5 13. fxe5 dxe5 14. Nf3 cxd4 15.
cxd4 Qxc2 16. Bxc2 Nc4 17. Bc1 Ng4 18. h3 Nge3 19. Bxe3 Nxe3 20. Rfc1 exd4 21.
Nxd4 Bf6 22. Nge2 Rd8 23. Nc6 Rd2 24. e5 Nxc2 0-1

[Event "MCR senioru 2014 - nad 50 let"]
[Site "Rychnov nad Kneznou"]
[Date "2014.08.21"]
[Round "6.3"]
[White "Nemec, Otakar"]
[Black "Lorenc, Oldrich"]
[Result "0-1"]
[WhiteElo "1866"]
[BlackElo "2081"]
[PlyCount "46"]
[EventDate "2014.??.??"]

1. e4 d6 2. d4 Nf6 3. Nc3 g6 4. Nf3 Bg7 5. Be2 O-O 6. O-O c6 7. a4 Qc7 8. h3 e5
9. Be3 Nbd7 10. dxe5 Nxe5 11. Nxe5 dxe5 12. Bc4 Nh5 13. Qf3 Nf4 14. Rfd1 Be6
15. Bxe6 Nxe6 16. Ne2 Rfd8 17. Qg3 Qa5 18. b3 a6 19. f3 Nd4 20. Nxd4 exd4 21.
Bg5 Rd7 22. Rab1 Qc5 23. c4 dxc3+ 0-1

[Event "MCR senioru 2014 - nad 50 let"]
[Site "Rychnov nad Kneznou"]
[Date "2014.08.21"]
[Round "6.4"]
[White "Papacek, Milos"]
[Black "Malinovsky, Petr"]
[Result "0-1"]
[WhiteElo "1761"]
[BlackElo "1995"]
[PlyCount "52"]
[EventDate "2014.??.??"]

1. e4 c5 2. d3 Nc6 3. g3 d5 4. Nd2 d4 5. f4 e5 6. Ndf3 f6 7. Ne2 g6 8. Bg2 Bg7
9. O-O Be6 10. c4 Qd7 11. Bd2 Nh6 12. a3 O-O 13. b4 Nf7 14. b5 Ne7 15. a4 f5
16. Nxe5 Nxe5 17. fxe5 fxe4 18. Bxe4 Rxf1+ 19. Qxf1 Rf8 20. Qg2 Bh3 21. Qh1
Bxe5 22. Nf4 Bxf4 23. Bxf4 g5 24. Bxg5 Qg4 25. Bxe7 Qe2 26. Bd5+ Kh8 0-1

[Event "MCR senioru 2014 - nad 50 let"]
[Site "Rychnov nad Kneznou"]
[Date "2014.08.21"]
[Round "6.5"]
[White "Vlachopulos, Georgis"]
[Black "Kubelová, Soòa"]
[Result "1-0"]
[WhiteElo "1952"]
[BlackElo "1624"]
[PlyCount "81"]
[EventDate "2014.08.16"]

1. e4 c5 2. Nf3 e6 3. d4 cxd4 4. Nxd4 a6 5. c4 b6 6. Nc3 Bb7 7. Bd3 d6 8. O-O
Nd7 9. Bc2 Rc8 10. b3 Be7 11. Bb2 Ngf6 12. Qe2 O-O 13. Rad1 Qc7 14. f4 Ne8 15.
Kh1 Nef6 16. Bb1 Qb8 17. Rd3 Rfe8 18. Rh3 Bf8 19. Nf3 h6 20. Re1 e5 21. f5 Be7
22. g4 Nh7 23. Bc1 f6 24. Nd5 Bxd5 25. cxd5 Ng5 26. Nxg5 hxg5 27. Qxa6 Kf7 28.
b4 Rh8 29. Rxh8 Rxh8 30. Bd3 Rh3 31. Bf1 Rc3 32. Qe2 Qc8 33. Be3 Rc2 34. Qd3
Rxa2 35. Rc1 Qh8 36. Bg1 Qh4 37. Rc7 Nf8 38. Qd1 g6 39. Rc3 gxf5 40. exf5 Qh6
41. Rh3 1-0

[Event "MCR senioru 2014 - nad 50 let"]
[Site "Rychnov nad Kneznou"]
[Date "2014.08.21"]
[Round "6.6"]
[White "Vorel, Bohuslav"]
[Black "Eliáš, Miroslav"]
[Result "0-1"]
[WhiteElo "1633"]
[BlackElo "2079"]
[PlyCount "90"]
[EventDate "2014.08.16"]

1. d4 Nf6 2. c4 e5 3. dxe5 Ng4 4. Nf3 Nc6 5. e3 Ngxe5 6. Nxe5 Nxe5 7. Be2 Bc5
8. O-O d6 9. Nd2 O-O 10. Nf3 Qf6 11. Nxe5 dxe5 12. Qc2 Rd8 13. Bd2 Qe7 14. a3
a5 15. Rfd1 Bd7 16. Bc3 Bd6 17. Bf3 Ra7 18. Rd2 b6 19. Rad1 g6 20. g3 h5 21. h4
Re8 22. e4 f6 23. b4 axb4 24. Bxb4 Ba4 25. Bxd6 cxd6 26. Qa2 Bxd1 27. Bxd1 Kg7
28. Bb3 Rc8 29. a4 f5 30. exf5 gxf5 31. f3 Kf6 32. Rg2 Rg8 33. Qd2 Rg6 34. Kh2
Kg7 35. Qd5 Qb7 36. Qd3 e4 37. Qc3+ Kh7 38. fxe4 Qxe4 39. Bc2 Qg4 40. Qd3 Rf6
41. Rf2 Re7 42. Qf1 Kg7 43. Bxf5 Qd4 44. Rf4 Qd2+ 45. Rf2 Rxf5 0-1

[Event "MCR senioru 2014 - nad 50 let"]
[Site "Rychnov nad Kneznou"]
[Date "2014.08.21"]
[Round "6.7"]
[White "Chládek, Václav"]
[Black "Doležal, Rudolf"]
[Result "1-0"]
[WhiteElo "2044"]
[BlackElo "1829"]
[PlyCount "62"]
[EventDate "2014.08.16"]

1. e4 c5 2. c3 Nc6 3. d4 e6 4. Nf3 cxd4 5. cxd4 d6 6. Nc3 Nf6 7. Bd3 g6 8. O-O
Bg7 9. Bg5 Qc7 10. Nb5 Qd7 11. Bf4 O-O 12. Bxd6 Rd8 13. Bc7 Rf8 14. Ne5 Nxe5
15. Bxe5 Ne8 16. Bxg7 Kxg7 17. Qa4 a6 18. Rac1 Rb8 19. Nc3 b5 20. Qb4 Bb7 21.
a4 Nd6 22. axb5 Ba8 23. b6 f5 24. Na4 Ne8 25. d5 fxe4 26. Nc5 Qd6 27. Nxe6+ Kg8
28. Qxd6 Nxd6 29. Nxf8 exd3 30. Nd7 Rd8 31. Rc7 Bxd5 1-0

[Event "MCR senioru 2014 - nad 50 let"]
[Site "Rychnov nad Kneznou"]
[Date "2014.08.21"]
[Round "6.8"]
[White "Pøívozník, Luboš"]
[Black "Madìra, Stanislav"]
[Result "0-1"]
[WhiteElo "1632"]
[BlackElo "1794"]
[PlyCount "98"]
[EventDate "2014.08.16"]

1. e4 d5 2. exd5 Nf6 3. Nf3 Nxd5 4. d4 Bg4 5. Be2 e6 6. c4 Nb6 7. O-O Be7 8.
Nc3 c6 9. b3 N8d7 10. Bb2 Bf6 11. Ne4 Be7 12. Qd2 Nf6 13. Ng3 a5 14. h3 Bh5 15.
Nxh5 Nxh5 16. Rad1 Nf6 17. Bd3 h6 18. Qe3 O-O 19. Ne5 a4 20. Bc1 axb3 21. Qg3
Ne8 22. Bxh6 f5 23. axb3 Bh4 24. Qf4 gxh6 25. Qxh6 Qf6 26. Qe3 Bg5 27. Qg3 Qg7
28. Rfe1 Rf6 29. Re2 Bh6 30. Qf3 Qg5 31. Rde1 Ng7 32. c5 Nd5 33. Bc4 Qf4 34.
Qd3 Qh4 35. Nd7 Rg6 36. Ne5 Rxg2+ 37. Kxg2 Nf4+ 38. Kh2 Nxd3 39. Nxd3 Qxd4 40.
Rg1 Bf4+ 41. Kh1 Re8 42. Ne1 Bc7 43. Nf3 Qf4 44. Rg3 Qh6 45. Ne5 Bxe5 46. Rxe5
Kf7 47. Kh2 Qf4 48. Ree3 Qxf2+ 49. Kh1 Ra8 0-1

[Event "MCR senioru 2014 - nad 60 let"]
[Site "Rychnov nad Kneznou"]
[Date "2014.08.21"]
[Round "6.1"]
[White "Jerman, Richard"]
[Black "Kotva, Milan"]
[Result "1-0"]
[WhiteElo "2090"]
[BlackElo "2037"]
[PlyCount "88"]
[EventDate "2014.??.??"]

1. e4 e5 2. Nf3 Nc6 3. Nc3 Nf6 4. Bb5 Bc5 5. Nxe5 Nxe5 6. d4 Bd6 7. dxe5 Bxe5
8. O-O O-O 9. Re1 c6 10. Bd3 Qc7 11. h3 Bh2+ 12. Kh1 Be5 13. Ne2 Nh5 14. Qd2 d5
15. exd5 cxd5 16. Nc3 Bxc3 17. bxc3 Be6 18. Qg5 Nf6 19. Bf4 Qd7 20. Be5 Ne8 21.
Bd4 f5 22. Qe3 Nc7 23. Be5 Rae8 24. Qxa7 f4 25. Qxb7 Rc8 26. Kh2 f3 27. Qb6
fxg2 28. Bxc7 Rf6 29. Bg3 Bxh3 30. Qb5 Rcc6 31. Re5 Rh6 32. Kg1 Be6 33. Kxg2
Bf7 34. Bf5 Rh2+ 35. Kg1 Rh1+ 36. Kg2 Rh2+ 37. Kf1 Rh1+ 38. Ke2 Bh5+ 39. Kd2
Rxa1 40. Bxd7 Rd1+ 41. Ke3 Rxc3+ 42. Kf4 Rf3+ 43. Kg5 h6+ 44. Kxh5 Rh1+ 1-0

[Event "MCR senioru 2014 - nad 60 let"]
[Site "Rychnov nad Kneznou"]
[Date "2014.08.21"]
[Round "6.2"]
[White "Sejkora, Vlastimil"]
[Black "Jablecnik, Gustav"]
[Result "1/2-1/2"]
[WhiteElo "2241"]
[BlackElo "2107"]
[PlyCount "94"]
[EventDate "2014.??.??"]

1. e4 e5 2. Nf3 Nc6 3. Bb5 a6 4. Bxc6 dxc6 5. O-O Bg4 6. h3 h5 7. d3 Qf6 8.
Nbd2 Ne7 9. Re1 Ng6 10. d4 Bd6 11. hxg4 hxg4 12. Nh2 Rxh2 13. Qxg4 Qh4 14. Qxh4
Rxh4 15. Nf3 Rh8 16. c3 Rd8 17. Bd2 c5 18. d5 c4 19. Be3 Ne7 20. Nd2 b5 21. a4
Rb8 22. axb5 axb5 23. g3 Kd7 24. Ra7 f5 25. exf5 Nxf5 26. Ne4 Nxe3 27. Rxe3 Ra8
28. Rb7 Rhb8 29. Rxb8 Rxb8 30. Kg2 Ra8 31. Re2 Ra1 32. Rd2 Be7 33. Kf3 Re1 34.
g4 g6 35. g5 Rg1 36. b3 Bxg5 37. Rb2 Be7 38. bxc4 bxc4 39. Ke2 Rc1 40. Ra2 Rb1
41. Ra4 Rb5 42. Rxc4 Rxd5 43. Ra4 Ke6 44. Ra6+ Bd6 45. Ra1 Rb5 46. Rg1 Rb2+ 47.
Kd3 Kf7 1/2-1/2

[Event "MCR senioru 2014 - nad 60 let"]
[Site "Rychnov nad Kneznou"]
[Date "2014.08.21"]
[Round "6.3"]
[White "Dolezal, Radoslav"]
[Black "Mlynek, Petr"]
[Result "0-1"]
[WhiteElo "1956"]
[BlackElo "2150"]
[PlyCount "102"]
[EventDate "2014.??.??"]

1. e4 c6 2. d4 d5 3. Nd2 dxe4 4. Nxe4 Nd7 5. Nf3 Ngf6 6. Bd3 Nxe4 7. Bxe4 Nf6
8. Bd3 Bg4 9. c3 Qd5 10. h3 Bxf3 11. Qxf3 Qxf3 12. gxf3 g6 13. Be3 Bg7 14.
O-O-O O-O 15. Rhe1 Rfd8 16. Bf4 Rd7 17. Bc4 e6 18. Kc2 Rad8 19. Bg5 h6 20. Bh4
Re8 21. Bxf6 Bxf6 22. d5 Rde7 23. dxe6 fxe6 24. Rd6 Kf7 25. f4 Bh4 26. Re2 Kf6
27. Kd3 Kf5 28. Ke3 e5 29. fxe5 Rxe5+ 30. Kf3 Rxe2 31. Bxe2 Rf8 32. Ke3 Bxf2+
33. Kd2 Rf6 34. Rd7 b5 35. Bd3+ Kf4 36. Ke2 Kg3 37. Be4 Re6 38. Kd3 Kxh3 39.
Rc7 c5 40. Bd5 c4+ 41. Kc2 Rd6 42. Rd7 Rxd7 43. Be6+ Kh2 44. Bxd7 g5 45. Bxb5
g4 46. Bxc4 g3 47. Bd5 g2 48. Bxg2 Kxg2 49. b4 h5 50. c4 h4 51. c5 h3 0-1

[Event "MCR senioru 2014 - nad 60 let"]
[Site "Rychnov nad Kneznou"]
[Date "2014.08.21"]
[Round "6.4"]
[White "Juricek, Stanislav"]
[Black "Jirasek, Jiri"]
[Result "1-0"]
[WhiteElo "2131"]
[BlackElo "1898"]
[PlyCount "116"]
[EventDate "2014.??.??"]

1. e4 e5 2. Nf3 Nf6 3. d3 d6 4. Be2 Be7 5. O-O O-O 6. Nc3 Nc6 7. d4 Bg4 8. Be3
Qc8 9. Rc1 Rd8 10. h3 Bh5 11. d5 Bxf3 12. Bxf3 Nb8 13. Nb1 b6 14. c4 a5 15. Nc3
Rf8 16. Qa4 Na6 17. Qc2 Qb7 18. a3 Bd8 19. Rfd1 Nd7 20. Rb1 h6 21. Qd2 Kh7 22.
Bg4 Nf6 23. Be2 Qc8 24. b4 axb4 25. axb4 Nb8 26. Qd3 Ra3 27. Qc2 Qa6 28. Rb3
Rxb3 29. Qxb3 Qb7 30. Qc2 Be7 31. Qa4 Nbd7 32. Ra1 Rb8 33. Bg4 Nf8 34. Be2 g5
35. Bg4 Nxg4 36. hxg4 Qc8 37. f3 Nd7 38. Kf2 Kg6 39. Qc6 Nf6 40. Ra7 Bd8 41.
Qa4 h5 42. gxh5+ Kxh5 43. g4+ Kg6 44. Qa1 c6 45. Qc1 cxd5 46. Nxd5 Nxd5 47.
cxd5 Qxc1 48. Bxc1 b5 49. Rd7 Bb6+ 50. Ke2 Bd4 51. Rxd6+ f6 52. Be3 Bxe3 53.
Kxe3 Kf7 54. Rd7+ Kg6 55. Rd6 Kf7 56. Rd7+ Ke8 57. Rc7 Kf8 58. d6 Rb6 1-0

[Event "MCR senioru 2014 - nad 60 let"]
[Site "Rychnov nad Kneznou"]
[Date "2014.08.21"]
[Round "6.5"]
[White "Pilar, Miloslav"]
[Black "Innemann, Frantisek"]
[Result "1-0"]
[WhiteElo "2225"]
[BlackElo "1906"]
[PlyCount "115"]
[EventDate "2014.??.??"]

1. d4 d5 2. Nf3 Nf6 3. c4 c6 4. cxd5 cxd5 5. Nc3 Nc6 6. Bf4 a6 7. e3 e6 8. Bd3
h6 9. O-O Bd6 10. Bxd6 Qxd6 11. Rc1 Bd7 12. a3 O-O 13. Na4 b5 14. Nc5 Rfb8 15.
b3 e5 16. dxe5 Nxe5 17. Be2 Bg4 18. Nxe5 Bxe2 19. Qxe2 Qxe5 20. Rfd1 Rd8 21.
Rd4 Rac8 22. Qd1 Qc7 23. Rc3 Qb6 24. b4 g6 25. h3 Kg7 26. Rcd3 Re8 27. Qa1 Kg8
28. f3 Re7 29. Qc3 a5 30. Kf2 axb4 31. axb4 Qc7 32. Rd1 Qe5 33. Qd3 Rce8 34.
Re1 Qg5 35. Re2 h5 36. h4 Qe5 37. Qxb5 Qh2 38. Qd3 Re5 39. b5 Rf5 40. Ke1 Qg1+
41. Kd2 Rc8 42. Qa3 Re5 43. b6 Ree8 44. b7 Rb8 45. Qb2 Qh2 46. Rf4 Ne4+ 47.
fxe4 dxe4 48. Nxe4 Red8+ 49. Kc2 Qg1 50. Nf6+ Kf8 51. Rd4 Rbc8+ 52. bxc8=Q
Rxc8+ 53. Kd2 Qf1 54. Nd5 Qf5 55. e4 Qe5 56. Rf2 Qg3 57. Rxf7+ Kxf7 58. Qb7+
1-0

[Event "MCR senioru 2014 - nad 60 let"]
[Site "Rychnov nad Kneznou"]
[Date "2014.08.21"]
[Round "6.6"]
[White "Janda, Zdenek"]
[Black "Just, Pavel"]
[Result "1-0"]
[WhiteElo "2183"]
[BlackElo "2013"]
[PlyCount "67"]
[EventDate "2014.??.??"]

1. c4 g6 2. g3 Bg7 3. Bg2 e5 4. Nc3 d6 5. e3 Ne7 6. Nge2 O-O 7. d4 c6 8. O-O
Qc7 9. b3 f5 10. dxe5 dxe5 11. Ba3 Rd8 12. Qc2 Be6 13. Rad1 Na6 14. Bh3 Rxd1
15. Rxd1 Rd8 16. Ne4 Nc8 17. Ng5 Rxd1+ 18. Qxd1 Qd7 19. Qc2 c5 20. e4 Ne7 21.
Nc3 Bf7 22. Nd5 Bxd5 23. cxd5 Bh6 24. Nf3 Qd6 25. exf5 Qxd5 26. Nh4 g5 27. Bf1
Qd6 28. Bc4+ Kh8 29. Nf3 Nc7 30. Nxe5 Kg7 31. Nf7 Qd7 32. f6+ Kf8 33. fxe7+
Qxe7 34. Nxh6 1-0